00429nam a22001217a 4500003000400000082001200004100002500016245012100041260000900162942001200171952010700183999001700290SGT a370,POO aPooja Yada-221001001 aA Study of the Effct of Academic Stress and Study Habits on academic Achievement of Senior secondary School Students c2022 2ddccTH 00102ddc40708FEaFEbFEcDISPLAYd2025-01-27o370,POOpEDMD03r2025-01-27 00:00:00w2025-01-27yTH c29393d29393